Countries that end with 's' - Statistics

General Stats
  • This quiz has been taken 45 times
  • The average score is 13 of 17
Answer Stats
Answer % Correct
Marshall islands
92%
Solomon Islands
92%
Comoros
82%
Seychelles
82%
Mauritius
79%
St Vincent and the Grenadines
79%
Bahamas
77%
Honduras
77%
St Kitts and Nevis
74%
United Arab Emirates
74%
Barbados
69%
Maldives
69%
Netherlands
67%
Belarus
64%
Laos
64%
Phillippines
62%
Cyprus
59%
No matching quizzes found
Score Distribution
Percent of People with Each Score
Percentile by Number Answered
Your Score History
You have not taken this quiz